Southville International School and Colleges
Your cart is empty.
  • Cart
  • Lists
    Public lists Eva Luna New books Lux_list list_1
    Your lists Log in to create your own lists
  • Log in to your account
  • Your cookies
  • Search history
Southville International School and Colleges
  • Advanced search
  • Recent comments
  • Most popular
  • Libraries

Log in to your account

Log in with GOOGLE


If you do not have an external account, but do have a local account, you can still log in:

  1. Home
  2. MARC view: Environmental management for Cambridge IGCSE and 0 level/
Normal view MARC view ISBD view

Environmental management for Cambridge IGCSE and 0 level/ (Record no. 358795)

[ view plain ]
MARC details
000 -LEADER
fixed length control field 00609nam a2200193Ia 4500
003 - CONTROL NUMBER IDENTIFIER
control field SISC
005 - DATE AND TIME OF LATEST TRANSACTION
control field 20181009094506.0
008 - FIXED-LENGTH DATA ELEMENTS--GENERAL INFORMATION
fixed length control field 180918s9999 xx 000 0 und d
020 ## - INTERNATIONAL STANDARD BOOK NUMBER
International Standard Book Number 9780198378341
050 ## - LIBRARY OF CONGRESS CALL NUMBER
Classification number G 300 .F888 2017
100 ## - MAIN ENTRY--PERSONAL NAME
Personal name Fretwell, Muriel
245 ## - TITLE STATEMENT
Statement of responsibility, etc Muriel Fretwell; Liz Whiteley
Title Environmental management for Cambridge IGCSE and 0 level/
260 ## - PUBLICATION, DISTRIBUTION, ETC. (IMPRINT)
Place of publication, distribution, etc UK:
Name of publisher, distributor, etc Oxford University Press
Date of publication, distribution, etc 2017
300 ## - PHYSICAL DESCRIPTION
Extent 196 pages :
Other physical details illustrated ;
Dimensions 29 cm.
500 ## - GENERAL NOTE
General note includes index
650 ## - SUBJECT ADDED ENTRY--TOPICAL TERM
Topical term or geographic name as entry element Environmental management -- examinations -- study guides
942 ## - ADDED ENTRY ELEMENTS (KOHA)
Source of classification or shelving scheme Library of Congress Classification
Koha item type Books
Holdings
Withdrawn status Lost status Source of classification or shelving scheme Damaged status Home library Current library Shelving location Date acquired Source of acquisition Total Checkouts Full call number Barcode Date last seen Price effective from Koha item type
    Library of Congress Classification   Luxembourg Library Luxembourg Library High School Section 09/18/2018 Library Fund   G 300 .F888 2017 20580 09/18/2018 09/18/2018 Books

Environmental management for Cambridge IGCSE and 0 level/

APA

Fretwell M., . (2017). Environmental management for Cambridge IGCSE and 0 level. UK: Oxford University Press.

Chicago

Fretwell Muriel, . 2017. Environmental management for Cambridge IGCSE and 0 level. UK: Oxford University Press.

Harvard

Fretwell M., . (2017). Environmental management for Cambridge IGCSE and 0 level. UK: Oxford University Press.

MLA

Fretwell Muriel, . Environmental management for Cambridge IGCSE and 0 level. UK: Oxford University Press. 2017.

  • Place hold
  • Print
  • Cite
  • Add to your cart (remove)
  • Save record
    BIBTEX Dublin Core MARCXML MARC (non-Unicode/MARC-8) MARC (Unicode/UTF-8) MARC (Unicode/UTF-8, Standard) MODS (XML) RIS
  • More searches
    Search for this title in:
    Other Libraries (WorldCat) Other Databases (Google Scholar) Online Stores (Bookfinder.com) Open Library (openlibrary.org)

Exporting to Dublin Core...

SOUTHVILLE LIBRARY

Southville International School and Colleges Library

1281 Tropical Ave. Cor. Luxembourg St., BF Homes International, Las Pinas City

Tel. No. 8256374 / 252358 Loc. 117/146

Powered by Koha